<?xml version="1.0" encoding="UTF-8"?>
<marc:record xmlns:marc="http://www.loc.gov/MARC21/slim">
   <marc:leader>00000nam a2200000 a 4500</marc:leader>
   <marc:datafield ind1="1" ind2=" " tag="100">
      <marc:subfield code="a">Martin, Katharina</marc:subfield>
      <marc:subfield code="4">aut</marc:subfield>
      <marc:subfield code="e">Verfasser/-in</marc:subfield>
   </marc:datafield>
   <marc:datafield ind1="0" ind2="0" tag="245">
      <marc:subfield code="a">Sophie und die Magie, Bd. 1</marc:subfield>
   </marc:datafield>
   <marc:datafield ind1="0" ind2="0" tag="245">
      <marc:subfield code="b">Bio, Deutsch und Zauberei</marc:subfield>
   </marc:datafield>
   <marc:datafield ind1="0" ind2="0" tag="245">
      <marc:subfield code="c">Martin, Katharina</marc:subfield>
   </marc:datafield>
   <marc:datafield ind1=" " ind2="1" tag="264">
      <marc:subfield code="c">2020</marc:subfield>
   </marc:datafield>
   <marc:datafield ind1="1" ind2=" " tag="520">
      <marc:subfield code="a">Als das Klassenbuch plötzlich durchs Zimmer flattert, ist die zehnjährige Sophie ganz aus dem Häuschen. Endlich sieht sie, wie jemand zaubert! Zaubern? Genau! Denn in Sophies Schule gibt es auch magische Kinder, und schon bald zählt sie eine Fee, eine kleine Hexe, einen Werwolf und sogar eine Meerjungfrau zu ihren besten Freunden. Dann verschwindet ein Einhorn aus der Herde im nahegelegenen Wald, und für die Kinder steht sofort fest: Sie müssen der Sache auf den Grund gehen!</marc:subfield>
   </marc:datafield>
   <marc:datafield ind1=" " ind2=" " tag="020">
      <marc:subfield code="a">9783414825698</marc:subfield>
      <marc:subfield code="9">9783414825698</marc:subfield>
   </marc:datafield>
   <marc:datafield ind1=" " ind2=" " tag="020">
      <marc:subfield code="a">3414825694</marc:subfield>
      <marc:subfield code="9">3414825694</marc:subfield>
   </marc:datafield>
   <marc:datafield ind1=" " ind2=" " tag="338">
      <marc:subfield code="a">Band</marc:subfield>
   </marc:datafield>
   <marc:datafield ind1=" " ind2=" " tag="300">
      <marc:subfield code="a">190 S.</marc:subfield>
   </marc:datafield>
</marc:record>
